LDR 01993nam a2200349 i 4500 001 000000104588 003 CaOOAMICUS 005 20260420145519.0 008 020201s2001 it u000 u ita u 020 $a88-7023-272-7 040 $aSeMil$bita 100 1 $aBiffi, Inos,$c
.$0(OLS)http://semarc/name/282 245 10$aFigure e vicende della Chiesa ambrosiana :$bBallerini, Nazari di Calabiana, Ferrari, Ratti, Tosi, Schuster, Montini e Newman /$cInos Biffi ; presentazione di Antonio Rimoldi. 260 $aMilano :$bNED,$c2001. 300 $a453 p., [8] p. di tav. ;$c21 cm. 600 14$aBallerini, Paolo Angelo
.$0(OLS)http://semarc/subject/7330 600 14$aNazari di Calabiana, Luigi
.$0(OLS)http://semarc/subject/7869 600 14$aFerrari, Andrea Carlo
.$0(OLS)http://semarc/subject/1361 600 04$aPio XI
.$0(OLS)http://semarc/subject/2399 600 14$aTosi, Eugenio
.$0(OLS)http://semarc/subject/8791 600 14$aSchuster, Alfredo Ildefonso
.$0(OLS)http://semarc/subject/2420 600 04$aPaolo VI
.$0(OLS)http://semarc/subject/713 600 14$aNewman, John Henry <1801-1890>.$0(OLS)http://semarc/subject/2835 650 4$aMilano (Arcidiocesi) - Storia religiosa - Sec. 19.-20.$0(OLS)http://semarc/subject/60023 700 1 $aRimoldi, Antonio
.$0(OLS)http://semarc/name/204 850 $aSeMil 852 $aSeMil$W1$xVenegono$y1$m3A II 200$j60898$B60898$CSeMilBibl$Z2$F70683 $81 961 $aOmaggio: Rimoldi mons. Antonio 996 $6020$a88-7023-272-7$9(OLS)http://semarc/number/84142 996 $6245$aFigure e vicende della Chiesa ambrosiana :$bBallerini, Nazari di Calabiana, Ferrari, Ratti, Tosi, Schuster, Montini e Newman$9(OLS)http://semarc/title/151528 996 $6260$aMilano :$bNED$9(OLS)http://semarc/publisher/30187